[Event "Rubinstein Memorial-C 54th"]
[Site "Polanica Zdroj"]
[Date "2018.08.19"]
[Round "2"]
[White "Talik, Patryk"]
[Black "Kurtycz, Maciej"]
[Result "1-0"]
[WhiteElo "1973"]
[BlackElo "1630"]
[PlyCount "49"]
[EventDate "2018.08.18"]
[EventType "swiss"]
[EventRounds "9"]
[EventCountry "POL"]
[SourceTitle "EXT 2020"]
[Source "ChessBase"]
[SourceDate "2019.10.17"]
[SourceVersion "1"]
[SourceVersionDate "2019.10.17"]
[SourceQuality "1"]

1. d4 Nf6 2. c4 c5 3. d5 e6 4. Nc3 exd5 5. cxd5 d6 6. e4 g6 7. Bd3 Bg7 8. Nge2 0-0 9. 0-0 Re8 10. Ng3 Na6 11. h3 Nc7 12. Bf4 h5 13. Bg5 Qd7 14. a4 b6 15. Qd2 Ba6 16. Bxa6 Nxa6 17. f4 Kh7 18. e5 Ng8 19. e6 fxe6 20. dxe6 Rxe6 21. f5 gxf5 22. Rxf5 Nh6 23. Bxh6 Bxh6 24. Qd3 Rg6 25. Raf1 1-0